Регионална библиотека "Любен Каравелов" - Русе

Плът (Запис номер 7207)

MARC детайли
000 -Лидер
Контролно поле с фиксирана дължина 01119nam a2200301 c 4500
003 - Код на организацията, давaща контролен номер
Контролно поле BLK
005 - Дата и час на последна редакция
Контролно поле 20180420214201.0
008 - Елементи от данни с фиксирана дължина
fixed length control field 180412b bul|||||r ||||||| ||bul||
010 ## - Наследен системен номер
LC control number KNG00008482000
020 ## - Международен стандартен номер на книга ISBN
Международен стандартен номер на книга ISBN 954-8251-25-6
-- издат.: Аполо прес
040 ## - Източник на каталожния запис
Идентификатор на билиотеката - собственик на записа BLK
041 ## - Код за език
Код за езика на текст/звукозапис или на отделно заглавие Български
Код за езика КДБФ Български
080 ## - УДК
Текстов определител УДК Американска литература (на САЩ)
УДК код - определител по УДК 821.111(73)
УДК определител -312.4
УДК - код + определител 821.111(73)-312.4
100 1# - Редна дума - Автор
Автор Леймън, Ричард
Авторска отговорност първи автор
R(LIN) 88235
139 ## - Редно поле
Редна дума Леймън, Ричард
Авторски знак Леи - Л 40
245 10 - Сведения за заглавието
Заглавие Плът
Подзаглавни данни [Роман]
Редно поле (дума) Ричард Леймън; прев. от англ. Ивайла Русева Божанова.
257 ## - Страна на издаване
Страна на създаване/издаване Съединени американски щати
260 ## - Област на издателските данни
-- София
Име на издателя, разпространителя и проч. Аполо прес
Година на издаване 1995
300 ## - Физическа характеристика
Страници 316 с.
Размери/Мащаб 20 см
380 ## - Жанр
Жанр Худож. лит.
500 ## - Общи забележки
Забележка Ориг. загл. Flesh / Richard Laymon .
700 1# - Други автори (авторска отговорност)
Лично име Божанова, Ивайла Русева
Автороска отговорност (Описва отношението между автора и произведението) прев. от англ.
9 (RLIN) 252315
852 ## - Местоположение
Форматна сигнатура Цб 182078
856 4# - Електронен адрес и достъп
Електронен формат pdf - файл
Път до файла /url/
856 4# - Електронен адрес и достъп
Електронен формат pdf - файл
Път до файла /url/
942 ## - АРТИКУЛИ
Вид на библиотечния материал Книги
Скрит в OPAC Не
944 ## - СЪЗДАВАНЕ И РЕДАКЦИЯ на ЗАПИСА
Създаване/Редакция Създаване
Дата на регистрацията/редакция 15.01.2003
Статус, дата на статуса ф /
Служител, извършил регистрацията/редакцията Виолета_Тройчева
944 ## - СЪЗДАВАНЕ И РЕДАКЦИЯ на ЗАПИСА
Създаване/Редакция Редакция
Дата на регистрацията/редакция 16.02.2011
Статус, дата на статуса ф /
Служител, извършил регистрацията/редакцията
999 ## - СИСТЕМНИ КОНТРОЛНИ НОМЕРА
Koha biblionumber 7207
Koha biblioitemnumber 7207
Наличности
Код за отписване Код за изгубен артикул Източник на класификационната схема Код за повреда Коз за рестрикции Код за отдаване Артикулен № Име на библиотеката - собственик Име на библиотеката, в която се намира в момента Статус (Текущо местоположение) Дата на вписване в системата Местоположение - отдел Цена в лева Инвентарен номер Систематично азбучна сигнатура Баркод Номер на екземпляра Цена в евро Служебна бележка Служебен тип на артикула
  Не е изгубен Universal Decimal Classification Не е повреден само за читалня ползва се в читалня 12471 Регионална библиотека "Любен Каравелов" Русе Регионална библиотека "Любен Каравелов" Русе Хранилище 2001-01-01 Хранилище 1.08 614647 Цб 182078 120000614647 1 0.55 Дост: Dp Вид: Д N: 31 Дата: 01.01.1995 Книги
Vip Innovations Ltd, Rousse, Bulgaria 2025